Модернизация программы элитного технического образования на основе CDIO; Уровневая подготовка специалистов: электронное обучение и открытые образовательные ресурсы
| Parent link: | Уровневая подготовка специалистов: электронное обучение и открытые образовательные ресурсы.— 2014.— [С. 396-400] |
|---|---|
| 1. Verfasser: | |
| Körperschaften: | , |
| Weitere Verfasser: | , |
| Zusammenfassung: | Заглавие с титульного листа. The article describes the experience of modernization for elite engineering education program (EEE) at Tomsk Polytechnic University in accordance with CDIO standards (Conceive - Design - Implement - Operate). Therefore, the new courses were added to EEE program; project-based learning and game-based educational modules were implemented into the majority of program courses. |
| Sprache: | Russisch |
| Veröffentlicht: |
2014
|
| Schriftenreihe: | Разработка и реализация основных образовательных программ (ООП). Партнерство и сетевое взаимодействие университетов и предприятий |
| Schlagworte: | |
| Online-Zugang: | http://earchive.tpu.ru/handle/11683/25694 http://www.lib.tpu.ru/fulltext/c/2014/C09/162.pdf |
| Format: | MixedMaterials Elektronisch Buchkapitel |
| KOHA link: | https://koha.lib.tpu.ru/cgi-bin/koha/opac-detail.pl?biblionumber=610270 |
MARC
| LEADER | 00000naa2a2200000 4500 | ||
|---|---|---|---|
| 001 | 610270 | ||
| 005 | 20260402125651.0 | ||
| 035 | |a (RuTPU)RU\TPU\conf\7866 | ||
| 035 | |a RU\TPU\conf\7864 | ||
| 090 | |a 610270 | ||
| 100 | |a 20150115d2014 k y0rusy50 ca | ||
| 101 | 0 | |a rus | |
| 102 | |a RU | ||
| 135 | |a drcn ---uucaa | ||
| 181 | 0 | |a i | |
| 182 | 0 | |a b | |
| 200 | 1 | |a Модернизация программы элитного технического образования на основе CDIO |d Modernization of elite engineering education program on the basis of CDIO |f О. М. Замятина, Е. С. Бутакова, П. И. Мозгалева | |
| 203 | |a Текст |c электронный | ||
| 225 | 1 | |a Разработка и реализация основных образовательных программ (ООП). Партнерство и сетевое взаимодействие университетов и предприятий | |
| 300 | |a Заглавие с титульного листа. | ||
| 320 | |a [Библиогр.: с. 399-400 (14 назв.)] | ||
| 330 | |a The article describes the experience of modernization for elite engineering education program (EEE) at Tomsk Polytechnic University in accordance with CDIO standards (Conceive - Design - Implement - Operate). Therefore, the new courses were added to EEE program; project-based learning and game-based educational modules were implemented into the majority of program courses. | ||
| 337 | |a Adobe Reader | ||
| 463 | 1 | |0 (RuTPU)RU\TPU\conf\7637 |t Уровневая подготовка специалистов: электронное обучение и открытые образовательные ресурсы |o сборник трудов I Всероссийской научно-методической конференции, 20-21 марта 2014 г., Томск |f Национальный исследовательский Томский политехнический университет (ТПУ) ; ред. кол. А. И. Чучалин [и др.] |v [С. 396-400] |d 2014 | |
| 510 | 1 | |a Modernization of elite engineering education program on the basis of CDIO |z eng | |
| 610 | 1 | |a электронный ресурс | |
| 610 | 1 | |a труды учёных ТПУ | |
| 610 | 1 | |a модернизация | |
| 610 | 1 | |a программы | |
| 610 | 1 | |a элитное образование | |
| 610 | 1 | |a техническое образование | |
| 610 | 1 | |a CDIO | |
| 610 | 1 | |a инженерные кадры | |
| 700 | 1 | |a Замятина |b О. М. |c специалист в области информатики и вычислительной техники |c доцент Томского политехнического университета, кандидат технических наук |f 1978- |g Оксана Михайловна |3 (RuTPU)RU\TPU\pers\25543 |9 11473 | |
| 701 | 1 | |a Бутакова |b Е. С. |c лингвист |c старший преподаватель Томского политехнического университета, эксперт |f 1982- |g Екатерина Сергеевна |3 (RuTPU)RU\TPU\pers\31974 | |
| 701 | 1 | |a Мозгалева |b П. И. |c специалист в области информатики и вычислительной техники |c эксперт Томского политехнического университета, ассистент |f 1987- |g Полина Игоревна |3 (RuTPU)RU\TPU\pers\31069 | |
| 712 | 0 | 2 | |a Национальный исследовательский Томский политехнический университет (ТПУ) |b Институт кибернетики (ИК) |b Кафедра оптимизации систем управления (ОСУ) |3 (RuTPU)RU\TPU\col\18702 |
| 712 | 0 | 2 | |a Национальный исследовательский Томский политехнический университет (ТПУ) |b Институт кибернетики (ИК) |b Кафедра иностранных языков института кибернетики (ИЯИК) |3 (RuTPU)RU\TPU\col\18707 |
| 712 | 0 | 2 | |a Национальный исследовательский Томский политехнический университет (ТПУ) |b Институт кибернетики (ИК) |b Кафедра оптимизации систем управления (ОСУ) |3 (RuTPU)RU\TPU\col\18702 |
| 801 | 2 | |a RU |b 63413507 |c 20210408 |g RCR | |
| 856 | 4 | |u http://earchive.tpu.ru/handle/11683/25694 | |
| 856 | 4 | |u http://www.lib.tpu.ru/fulltext/c/2014/C09/162.pdf | |
| 942 | |c BK | ||